MARC

LEADER 00000nam0a2200000 4500
001 350598
005 20231102010322.0
035 |a (RuTPU)RU\TPU\retro\4773 
090 |a 350598 
100 |a 20190211d1971 k y0rusy50 ca 
101 0 |a rus 
102 |a UA 
105 |a a z 101zy 
200 1 |a Физические свойства горных пород при высоких термодинамических параметрах  |e материалы третьего Всесоюзного совещания, 11-16 октября 1971 г., Киев  |f Академия наук Украинской ССР (АН УССР), Институт геофизики (ИГФ) ; Академия наук СССР (АН СССР), Институт физики Земли им. О. Ю. Шмидта (ИФЗ) 
210 |a Киев  |c Наукова думка  |d 1971 
215 |a 283 с.  |c ил. 
316 |5 63413507: КР-5976  |a Вложена рекламная брошюра "Геофизического сборника" за 1972 г. 
317 |5 63413507: КР-5976  |a Поступила в НТБ в 1987 г. в дар от вдовы ученого Е. К. Завадовской 
320 |a Библиография в конце статей 
320 |a Авторский указатель: с. 263-264 
606 1 |a Горные породы  |x Физические свойства  |x (геология)  |2 stltpush  |3 (RuTPU)RU\TPU\subj\70990  |9 85111 
610 1 |a упругие свойства 
610 1 |a плотностные свойства 
610 1 |a региональные исследования 
610 1 |a минералы 
610 1 |a физические параметры 
610 1 |a физико-механические свойства 
610 1 |a деформационные свойства 
610 1 |a породы-коллекторы 
610 1 |a совещания 
610 1 |a библиотека А. А. Воробьева 
610 1 |a дары библиотеке 
675 |a 552.1:53(063)  |v 4 
712 0 2 |a Академия наук Украинской ССР (АН УССР)  |b Институт геофизики (ИГФ)  |c (Киев)  |2 stltpush  |3 (RuTPU)RU\TPU\col\13865 
712 0 2 |a Академия наук СССР (АН СССР)  |b Институт физики Земли им. О. Ю. Шмидта (ИФЗ)  |c (Москва)  |c (1956-1991)  |2 stltpush  |3 (RuTPU)RU\TPU\col\209 
712 1 2 |a Физические свойства горных пород при высоких термодинамических параметрах  |c совещание  |d 3  |e Киев  |f 1971 
801 1 |a RU  |b 63413507  |c 20190211 
801 2 |a RU  |b 63413507  |c 20200213  |g RCR 
942 |c BK